| 000 | 01325nam0a22003011 4500 | ||
|---|---|---|---|
| 001 | rc\4912284 | ||
| 005 | 20260406194237.0 | ||
| 021 |
_aRU _b[63-49883] |
||
| 035 | _a(NLR Aleph) 008935922 | ||
| 090 |
_a8914953 _c8914953 |
||
| 100 | _a20130426d1963 |||y0rusy50 ca | ||
| 101 | 0 | _arus | |
| 102 | _aRU | ||
| 105 | _ay z ||||| | ||
| 200 | 1 |
_aФосфоназо Р _eИнструкция для фотометрического определения бериллия _fГос. ком. по химии при Госплане СССР |
|
| 210 |
_aМосква _cВсесоюз. науч.-исслед. ин-т хим. реактивов и особо чистых хим. веществ _d1963 |
||
| 215 |
_a7 с. _cграф. _d22 |
||
| 300 | _aВ вып. дан. сост.: В.Ф. Лукьянов, А.М. Лукин, Е.М. Князева | ||
| 606 |
_aБериллий _xОпределение _xФотометрический метод _2psbo |
||
| 702 | 1 |
_aЛукин _bА.М. _4220 |
|
| 702 | 1 |
_aКнязева _bЕ.М. _4220 |
|
| 702 | 1 |
_aЛукьянов _bВ.Ф. _4220 |
|
| 712 | 0 | 2 |
_aВНИИ хим. реактивов и особо чистых хим. веществ _3RU\NLR\AUTH\889957265 _9410636 |
| 801 | 0 |
_aRU _bNLR _gpsbo |
|
| 801 | 1 |
_aRU _bELAR _2rusmarc |
|
| 852 |
_aNLR _j63-6/8487 |
||
| 942 | _cBOOK | ||
| 980 | _aNB | ||